| 000 | 00965nas a2200301 4500 | ||
|---|---|---|---|
| 001 | BR2014006923 | ||
| 003 | BR-BrBNA | ||
| 005 | 20231205124702.0 | ||
| 007 | ta | ||
| 008 | 230509b bl.|||p| |||| 00| 00por d | ||
| 040 |
_aBR-BrBNA _bpor _cBiblioteca Nacional de Agricultura |
||
| 041 | _a(Pt) | ||
| 072 | _aL73; L70 | ||
| 100 | 1 | _aRosa, R.C. da | |
| 100 | 1 | _aMattei, R.J. | |
| 100 | 1 | _aSilva, R.C. da | |
| 100 | 1 | _aMerlini, L.S. | |
| 100 | 1 | _aLangoni, H. | |
| 100 | 1 | _aSilva, A.V. da | |
| 245 | 1 | _aAnticorpos anti-Toxoplasma gondii em suínos criados em granjas de elevado e baixo padrão sanitário no noroeste do Paraná | |
| 650 | _aSUÍNO | ||
| 650 | _aDOENÇA ANIMAL | ||
| 650 | _aTOXOPLASMOSE | ||
| 650 | _aSANIDADE ANIMAL | ||
| 773 | 0 |
_tRevista Acadêmica. Ciências Agrárias e Ambientais (Brazil) _xISSN 0103-989X _g(Oct-Dec 2011), v. 9(4) p. 435-437 _wBR2014006923 |
|
| 909 |
_a202311 _bLúcia _c55 _dLúcia Elande |
||
| 942 |
_2AGRIS _n0 _cANA |
||
| 999 |
_c240375 _d240375 |
||